El Protocol del notari Pere de Folgueres : 1338 / edició a cura de Gener Gonzalvo, Maria Carme Coll, Oliva Samprón 1338 / edició a cura de Gener Gonzalvo, Maria Carme Coll, Oliva Samprón
ISBN:
84-7935-341-4
Descripción Física:
505 p. ; 24 cm
Colección:
Acta notariorum Cataloniae ; 5
Otros Autores:
Gonzalvo i Bou, Gener, ed
,
Coll, M. Carme, ed
,
Samprón, Oliva, ed. I
,
Fundació Noguera
MARC
| LEADER | 00000nam a2200000Ia 4500 | ||
|---|---|---|---|
| 001 | 11524 | ||
| 008 | 160829s1996 xx 000 0 cat d | ||
| 020 | |a 84-7935-341-4 | ||
| 080 | |a A-1-200 | ||
| 245 | |a El Protocol del notari Pere de Folgueres : |b 1338 / edició a cura de Gener Gonzalvo, Maria Carme Coll, Oliva Samprón | ||
| 260 | |a Barcelona : |b Fundació Noguera, |c 1996 | ||
| 300 | |a 505 p. ; |c 24 cm | ||
| 490 | |a Acta notariorum Cataloniae ; 5 | ||
| 590 | |a Bibliografia. | ||
| 590 | |a Índex. | ||
| 590 | |a Text en llatí, introducció i comentaris en català | ||
| 650 | |a Folgueres, Pere de |x Arxius |9 33107 | ||
| 650 | |a Documents públics |x Barcelona |x S. XIV |9 33108 | ||
| 650 | |a Notaris |x Barcelona |x Història |x Fonts |9 33109 | ||
| 700 | |a Gonzalvo i Bou, Gener, ed. |9 27899 | ||
| 700 | |a Coll, M. Carme, ed. |9 33110 | ||
| 700 | |a Samprón, Oliva, ed. I |9 33111 | ||
| 700 | |a Fundació Noguera |9 70407 | ||
| 901 | |a Arxiu | ||
| 942 | |n 1 | ||
| 952 | |0 0 |1 0 |4 0 |6 A1200 |7 1 |9 46204 |a Arxiu |b Arxiu |d 2016-12-01 |l 0 |o A-1-200 |p 11524 |r 2016-12-01 00:00:00 |w 2016-12-01 |y ARXIU | ||
| 999 | |c 49706 |d 49706 | ||